Gazy szlachetne - nagła śmierć - Statystyki

Ogólne statystyki
  • Ten quiz został rozwiązany 23 razy
  • Średni wynik to 5 z 6
Answers on the Grid
Answers color-coded by a green-red scale on the quiz's grid according to % correct below.
Argon
Azot
Chlor
Fluor
Hel
Jod
Krypton
Ksenon
Neon
Radon
Tlen
Wodór
 
Statystyki odpowiedzi
Odpowiedź % Poprawnych
Argon
95%
Hel
84%
Neon
84%
Krypton
74%
Radon
74%
Ksenon
68%
Nie znaleziono quizów pasujących do podanych kryteriów
Rozkład punktacji
Procent ludzi z każdym wynikiem
Percentyl według liczby udzielonych odpowiedzi
Twoja historia wyników
Nie rozwiązałeś tego quizu